000 00629nam a2200253Ia 4500
001 4162
003 8269
005 20240712154851.0
008 ||||||n9999 ||| || ||
041 _aspa
082 _219
_a334
100 _aSchiller, Otto
_97596
245 0 _aCooperacion e integracion en la produccion agricola
260 _aMéxico :
_bSiglo Veintiuno Editores,
_c1970.
300 _a308p
490 _aEl mundo del hombre. Economía y demografía
562 _e1
650 _aPRODUCCIÓN AGROPECUARIA
_97597
942 _cBKM
942 _cBKM
999 _c4162
_d4162
526 _a4969
526 _a51868
526 _a1697